000 01056nam a22002417a 4500
005 20240305165459.0
007 cr|||| ||||
008 180104s2013 sp |||||s|||| 00||0 spa d
020 _a978-84-941304-8-9
035 _a11721
040 _avLex
090 _c7368
_d7368
100 1 _aBerché Moreno, Eduardo
245 1 0 _aTratado sobre la imposición directa
_h[Recurso electrónico] /
_cEduardo Berché Moreno
256 _aServicio en línea
260 _aBarcelona:
_bESADE-URL,
_c2013
300 _a1 recurso electrónico
506 1 _aDisponible solo en los productos indicados
_dvLex Global
_dvLex Global (Academic Edition, excluding Law Schools)
_dvLex Global (U.S. Academic Edition, Law Schools)
_dvLex Global (U.S. Academic Edition, excluding Law Schools)
_dvLex Global (Academic Edition, Law Schools)
650 0 4 _aImposición directa
_zEspaña
740 0 _avLex Libros (Servicio en línea)
856 4 0 _uhttps://app.vlex.com/#/sources/representacion-parlamentaria-un-recorrido-historico-por-la-teoria-politica-11721
942 _cRAA
999 _c165607
_d165607